Konservasi Bangunan Masjid (Lama) Kampung Pengkalan Kakap, Merbok, Kedah Darul Aman (Record no. 80994)

MARC details
000 -LEADER
fixed length control field 00779nam a2200241 i 4500
001 - CONTROL NUMBER
control field C2-0273061
003 - CONTROL NUMBER IDENTIFIER
control field PPAK
005 - DATE AND TIME OF LATEST TRANSACTION
control field 20180728002508.0
008 - FIXED-LENGTH DATA ELEMENTS--GENERAL INFORMATION
fixed length control field 060809s1999 my a|||| ||||| | may d
040 ## - CATALOGING SOURCE
Original cataloging agency PPAK
Language of cataloging eng
Transcribing agency PPAK
Description conventions rda
082 04 - DEWEY DECIMAL CLASSIFICATION NUMBER
Classification number 726.20288
Edition number 23
090 00 - LOCALLY ASSIGNED LC-TYPE CALL NUMBER (OCLC); LOCAL CALL NUMBER (RLIN)
Classification number (OCLC) (R) ; Classification number, CALL (RLIN) (NR) 726.20288
Feature heading PAI
Feature heading KK
100 0# - MAIN ENTRY--PERSONAL NAME
Personal name Paiman Keromo,
Relator term author
245 10 - TITLE STATEMENT
Title Konservasi Bangunan Masjid (Lama) Kampung Pengkalan Kakap, Merbok, Kedah Darul Aman
264 #1 - PRODUCTION, PUBLICATION, DISTRIBUTION, MANUFACTURE, AND COPYRIGHT NOTICE
Place of production, publication, distribution, manufacture Kedah :
Name of producer, publisher, distributor, manufacturer Jabatan Muzium dan Antikuiti ,
Date of production, publication, distribution, manufacture, or copyright notice 1999
300 ## - PHYSICAL DESCRIPTION
Extent [10 pages] :
Other physical details illustrations ;
Dimensions 30 cm
336 ## - CONTENT TYPE
Source rdacontent
Content type term text
337 ## - MEDIA TYPE
Source rdamedia
Media type term unmediated
338 ## - CARRIER TYPE
Source rdacarrier
Carrier type term volume
500 ## - GENERAL NOTE
General note Artikel dari Buletin JMA-1999
650 10 - SUBJECT ADDED ENTRY--TOPICAL TERM
Topical term or geographic name entry element Mosque architectures - conservation and restoration
942 ## - ADDED ENTRY ELEMENTS (KOHA)
-- dc
Koha item type Book
Holdings
Withdrawn Not for loan Current library Shelving location Date acquired Full call number Barcode Date last seen Koha item type Public note
  Not For Loan Perpustakaan Alor Setar Koleksi Kedah 14/06/2006 KK 726.20288 PAI A00158085 09/05/2018 Articles Artikel Pilihan
  Not For Loan Perpustakaan Alor Setar Koleksi Kedah 14/06/2006 KK 726.20288 PAI A00158088 09/05/2018 Articles